The Greatest Athlete for Every Major Sport - OAT - Statistics

General Stats
  • This quiz has been taken 38 times
  • The average score is 5 of 13
Answer Stats
Hint Answer % Correct
Basketball Michael Jordan
97%
Football (Soccer) Lionel Messi
95%
Golf Tiger Woods
89%
Swimming Michael Phelps
73%
Tennis Roger Federer
62%
Baseball Babe Ruth
51%
Cricket Sir Donald Bradman
16%
Chess Magnus Carlson
11%
Rugby Jonah Lomu
8%
American Football - NRL (Gridiron) Jonathan Thurston
0%
Volleyball Karch Kilary
0%
Beach Volleyball Karch Kiraly
0%
Netball Liz Ellis
0%
No matching quizzes found
Score Distribution
Percent of People with Each Score
Percentile by Number Answered
Your Score History
You have not taken this quiz